| 000 | 01064nam a22002177a 4500 | ||
|---|---|---|---|
| 003 | OSt | ||
| 005 | 20210302112541.0 | ||
| 008 | 210302s1992 ck ||||gr|||| 00| 0 spa d | ||
| 040 |
_aCO-JMCR _cCO-JMCR |
||
| 041 | 0 | _aspa | |
| 082 | 0 | 4 |
_a346.092 / _bL435t _223 |
| 100 | 1 |
_aLeal Pérez, Hildebrando, _eautor _914221 |
|
| 245 | 1 | 0 |
_aTítulos valores / _cHildebrando Leal Pérez |
| 260 |
_aBogotá : _bFundación Jurídica Colombiana, _c1992 |
||
| 300 |
_a594 páginas ; _c24 cm. |
||
| 505 | 0 | _aAspectos generales -- La letra de cambio -- El cheuque -- Los bonos -- El certificado de depósitos y el bono de prenda -- La carta de porte y el conocimiento de embarque -- Las facturas cambiarias -- Las acciones de sociedad -- Procedimiento con títulos valores | |
| 520 | 3 | _aHe leído varias veces las notas correspondientes a los "Títulos valores" Con el objetivo de realizar las correcciones e introducir las modificaciones que fueron necesarias. | |
| 650 | 1 | 4 |
_aTítulos valores _zColombia _914222 |
| 650 | 2 | 4 |
_aLegislación _zColombia _914223 |
| 942 |
_2ddc _cBK |
||
| 999 |
_c7403 _d7403 |
||